000
00301nam a2200133Ia 4500
008
240624s9999 xx 000 0 und d
041
_a
eng
082
_a
823 TOL
100
_a
TOLSTOY LEO
245
_a
SELECTED STORIES
260
_c
2004
_a
Kolkata
_b
Projapoti
300
_a
430p. ; 21cm.
365
_c
RS
999
_c
3986
_d
3986